| 000 | 00457nam a2200157Ia 4500 | ||
|---|---|---|---|
| 008 | 210716s2004 xx 000 0 und d | ||
| 020 | _a817829396X | ||
| 041 | _aeng | ||
| 082 | _a658.802 CHAI | ||
| 100 | _aChaston, Ian. | ||
| 245 |
_aKnowledge based marketing: the twenty first century competitive edge. _bTwenty first century competitive edge. |
||
| 250 | _a1 | ||
| 260 |
_aNew Delhi _bResponse Books _c2004 |
||
| 300 | _axi,274 | ||
| 650 | _aMarketing | ||
| 999 |
_c205947 _d205947 |
||